| 000 | 00892nas a2200313 4500 | ||
|---|---|---|---|
| 001 | BR0104867 | ||
| 003 | BR-BrBNA | ||
| 005 | 20231205102458.0 | ||
| 007 | ta | ||
| 008 | 230509b bl.|||p| |||| 00| 00por d | ||
| 040 |
_aBR-BrBNA _bpor _cBiblioteca Nacional de Agricultura |
||
| 041 | _a(Pt) | ||
| 072 | _aH20 | ||
| 100 | 1 | _aColariccio, A. | |
| 100 | 1 | _aEiras, M. | |
| 100 | 1 | _aChaves, A.L.R. | |
| 100 | 1 | _aRoggero, P. | |
| 100 | 1 | _aChagas, C.M. | |
| 245 | 1 | _aDiversidade de tospovirus em diferentes regioes produtoras de olericolas do Estado de Sao Paulo | |
| 650 | _aHortalica | ||
| 650 | _aVira-Cabeca | ||
| 650 | _aRNA | ||
| 650 | _aMosaico | ||
| 650 | _aELISA | ||
| 650 | _aSao Paulo | ||
| 773 | 0 |
_tSumma Phytopathologica (Brazil) _xISSN 0100-5405 _g(Apr-Jun 2001), v. 27(2) p. 177-182 _wBR0104867 |
|
| 909 |
_a202311 _bLúcia _c55 _dLúcia Elande |
||
| 942 |
_2AGRIS _n0 _cANA |
||
| 999 |
_c167780 _d167780 |
||